It looks like you're offline.
Open Library logo
additional options menu

MARC record from Internet Archive

LEADER: 00725cam a22002294a 4500
001 2001002295
003 DLC
005 20020826155216.0
008 010417s2001 txua s000 0 eng
010 $a 2001002295
020 $a0886981921 (alk. paper)
040 $aDLC$cDLC$dDLC
042 $apcc
050 00 $aTN871$b.V345 2001
082 00 $a622/.3382$221
100 1 $aVaught, James,$d1935-
245 10 $aTesting and completing /$cby James Vaught.
250 $a3rd ed.
260 $aAustin, Tex. :$bPetroleum Extension Service, Continuing & Extended Education, University of Texas at Austin,$c2001.
300 $axi, 111 p. :$bill. ;$c28 cm.
440 0 $aRotary drilling series ;$vunit 2, lesson 5
650 0 $aOil wells$xTesting.